000 00358nam a2200133Ia 4500
008 240624s9999 xx 000 0 und d
041 _aeng
082 _a330 KUI
100 _aKUIJPER MIA DE
245 _aPROFIT POWER ECONOMICS A NEW COMPETITIVE
260 _c2009
_aNew Delhi
_bOxford University press
300 _aviii, : 312p. ; 24cm.
365 _cRS
_b31
999 _c19657
_d19657